MATHEMATICAL EXCURSIONS (Record no. 216211)
[ view plain ]
| 000 -LEADER | |
|---|---|
| fixed length control field | 00503nam a22001937a 4500 |
| 008 - FIXED-LENGTH DATA ELEMENTS--GENERAL INFORMATION | |
| fixed length control field | 251119b |||||||| |||| 00| 0 eng d |
| 020 ## - INTERNATIONAL STANDARD BOOK NUMBER | |
| International Standard Book Number | 978-1-111-57908-1 |
| 050 ## - LIBRARY OF CONGRESS CALL NUMBER | |
| Classification number | QA 39.3 .M38 2013 |
| Item number | C.1 |
| 100 ## - MAIN ENTRY--PERSONAL NAME | |
| Personal name | AUFMAN RICHARD |
| 245 ## - TITLE STATEMENT | |
| Title | MATHEMATICAL EXCURSIONS |
| 250 ## - EDITION STATEMENT | |
| Edition statement | 3RD |
| 260 ## - PUBLICATION, DISTRIBUTION, ETC. | |
| Place of publication, distribution, etc. | AUSTRALIA |
| Name of publisher, distributor, etc. | CENGAGE LEARNING |
| Date of publication, distribution, etc. | 2013 |
| 300 ## - PHYSICAL DESCRIPTION | |
| Extent | IV-847P. |
| 500 ## - GENERAL NOTE | |
| General note | IT HAS BIBLIOGRAPHIC DATA |
| 650 ## - SUBJECT ADDED ENTRY | |
| Topical term or geographic name entry element | MATHEMATICS |
| 700 ## - ADDED ENTRY--PERSONAL NAME | |
| Personal name | AUFMAN RICHARD |
| 942 ## - ADDED ENTRY ELEMENTS (KOHA) | |
| Source of classification or shelving scheme | Library of Congress Classification |
| Koha item type | Long Loan Book |
| Withdrawn status | Lost status | Source of classification or shelving scheme | Damaged status | Not for loan | Collection | Home library | Current library | Shelving location | Date acquired | Inventory number | Total checkouts | Full call number | Barcode | Date last seen | Copy number | Price effective from | Koha item type |
|---|---|---|---|---|---|---|---|---|---|---|---|---|---|---|---|---|---|
| Library of Congress Classification | Science & Technology | Kisii University Library | Kisii University Library | On Display | 11/19/2025 | 109843 | QA 39.3 .M38 2013 | 000000002969 | 11/19/2025 | C.1 | 11/19/2025 | Long Loan Book | |||||
| Library of Congress Classification | Science & Technology | Kisii University Library | Kisii University Library | On Display | 11/19/2025 | 109844 | QA 39.3 .M38 2013 | 000000002970 | 11/19/2025 | C.2 | 11/19/2025 | Long Loan Book | |||||
| Library of Congress Classification | Science & Technology | Kisii University Library | Kisii University Library | On Display | 11/19/2025 | 109845 | QA 39.3 .M38 2013 | 000000002972 | 11/19/2025 | C.2 | 11/19/2025 | Long Loan Book | |||||
| Library of Congress Classification | Science & Technology | Kisii University Library | Kisii University Library | On Display | 11/19/2025 | 109846 | QA 39.3 .M38 2013 | 11/19/2025 | C.4 | 11/19/2025 | Long Loan Book |